Cuadernos : transferencia de calor y materia en la industria nuclear /
Guardado en:
| Autores Corporativos: | , |
|---|---|
| Formato: | Libro |
| Idioma: | Spanish |
| Publicado: |
[Argentina] :
Comité Argentino de Transferencia de Calor y Materia (CAMAT),
1981.
|
| Series: | Camat ;
8 |
| Materias: | |
| Etiquetas: |
Agregar Etiqueta
Sin Etiquetas, Sea el primero en etiquetar este registro!
|
| LEADER | 01377nam a22003255a 4500 | ||
|---|---|---|---|
| 001 | EIQ.libpla000451 | ||
| 008 | 060131s1981####ag#a#####b####100#0#spa#d | ||
| 005 | 20080528184223.0 | ||
| 245 | 1 | 0 | |a Cuadernos : |b transferencia de calor y materia en la industria nuclear / |c Comité Argentino de Transferencia de Calor y Materia (CAMAT). |
| 260 | |a [Argentina] : |b Comité Argentino de Transferencia de Calor y Materia (CAMAT), |c 1981. | ||
| 300 | |a ix, 406 p. : |b il. ; |c 29 cm. | ||
| 440 | 0 | |a Camat ; |v 8 | |
| 504 | |a Incluye referencias bibliograficas. | ||
| 111 | 2 | |a Seminario sobre Transferencia de Calor y Materia en la Industria Nuclear |d (1981 : |c Argentina) | |
| 710 | 2 | |a Comité Argentino de Transferencia de Calor y Materia (CAMAT) | |
| 246 | 1 | |a Cuadernos de Camat | |
| 650 | 4 | |a Transferencia de calor |x Industria nuclear. | |
| 650 | 4 | |a Transferencia de masa |x Industria nuclear. | |
| 650 | 4 | |a Transferencia de calor |x Congresos. | |
| 650 | 4 | |a Calor |x Transferencia. | |
| 650 | 4 | |a Masa |x Transferencia. | |
| 650 | 4 | |a Transferencia de masa |x Congresos. | |
| 650 | 4 | |a Heat transfer |x Nuclear industry. | |
| 650 | 4 | |a Mass transfer |x Nuclear industry. | |
| 650 | 4 | |a Heat transfer |x Congresses. | |
| 650 | 4 | |a Mass transfer |x Congresses. | |
| 650 | 4 | |a Mass |x Transfer. | |
| 650 | 4 | |a Heat |x Transfer. | |
| 040 | |a AR-BbSID |b spa |c AR-BbSID | ||
| 859 | |a AR-BbSID |b BIB. PLAPIQUI |h 536.2 |i C 735 |p 1466 | ||
